00953nam a2200253 a 450000100100000000500170001000800410002702000150006804000250008308200170010810000320012524501340015726000530029130000140034450400410035850000430039965000240044265000250046665000260049170000350051704900090055295201210056199900170068200002415920260120073950.0110119s1977 xxu r 000 0 spa d a0311460607 aDO-SdBNPbspacBNPHU a248.8bM478t1 aMcLelland, Joseph C.94960810aTrabajo y justicia :bel significado cristiano del trabajo y la propiedad /cJoseph C. McLelland ; traducción Arnoldo Canclini. aTexas, (Estados Unidos) :bMundi Hispano,c1977. a128 p. ;. aIncluye referencias bibliográficas aIncluye notas al pie de las páginas. 0aVida cristiana9668 0aVida espiritual9268 4aVida religiosa9158641 aCanclini, Arnoldo,etr.923732 aBNGR 001054708MOaGRbGRcCTd2011-01-19iLF1l0o248.8 M478tp24159-10r2020-06-25w2020-06-25y4ZPréstamo en sala c23653d23653